| 000 | 00619nam a22001817a 4500 | ||
|---|---|---|---|
| 005 | 20171031115448.0 | ||
| 010 | _aENG-121151 | ||
| 020 |
_a9789350020593 _c495.00 |
||
| 035 | _aEN-104683 | ||
| 037 | _bDBAD/PUB | ||
| 082 | _a303.4833091724 | ||
| 245 |
_a ICTs, community access and development : _bcase studies from six developing countres / |
||
| 260 |
_aNew Delhi _bAakar Books _c2010 |
||
| 270 |
_a28 E Pocket IV, Mayur Vihar Phase I _bNew Delhi _e110091 |
||
| 300 |
_a219p. _c22cm(Hb) _bill. |
||
| 500 | _aIncludes bibliographical references and index | ||
| 942 |
_2ddc _cEN _h303.4833091724 _mICT |
||
| 999 |
_c147017 _d147017 |
||